000 00856nam a2200229 i 4500
001 bg
100 1 _aGASZYŃSKI, Jan
245 1 0 _aOsiowo-symetryczne problemy kontaktowe konsolidującego podłoża gruntowego w przypadku działania źródeł masy i ciśnienia /
_cJan Gaszyński ; Politechnika Krakowska im. Tadeusza Kościuszki.
260 _aKraków :
_bPK,
_c1998.
300 _a107 s. :
_brys., wykr. ;
_c24 cm.
490 1 _aMonografia. Inżynieria Sanitarna i Wodna
500 _aISSN i nr serii gł. : 0860-097X ; 230. - Streszcz. ang., niem.
504 _aBibliogr. s. 87-102.
650 9 _aFundamenty
_xmechanika
650 9 _aMechanika gruntów
830 0 _aMonografia.
_pInżynieria Sanitarna i Wodna
040 _cBPK
041 0 _apl
_bende
080 _a624.131:624.15
942 _cKS
008 s pl f |000 0 pol
999 _c37895
_d37895
856 _uhttp://koha.tu.koszalin.pl/cgi-bin/koha/opac-detail.pl?biblionumber=37895
_yKatalog online BPK